Forest products market trends in 1979 and prospects for 1980 based on the review of markets et the timber commites a thirty-seventh session

Guardado en:
Detalles Bibliográficos
Formato: Libro
Lenguaje:inglés
Publicado: Geneva United Nations 1979
Etiquetas: Agregar Etiqueta
Sin Etiquetas, Sea el primero en etiquetar este registro!

MARC

LEADER 00000nam a2200000 4500
001 0222721
005 20240822101701.6
041 0 |a eng 
044 |a CH 
245 1 0 |a Forest products market trends in 1979 and prospects for 1980  |b based on the review of markets et the timber commites a thirty-seventh session 
264 1 |a Geneva  |b United Nations  |c 1979 
300 |a 16 s.